000 00784nam a2200217Ii 4500
003 JO-AjNU
008 230605s9999||||xx |||||||||||||| ||und||
017 _a2002/101536
040 _aJO-AjNU
_bara
_erda
_cJO-AjNU
041 _aara
050 1 4 _aBP130.4 B3.2002
100 3 _aالبيضاوي، عبد الله بن عمر بن محمد، ت. 685 هـ,
_eauthor
_956421
245 0 0 _a تفسير البيضاوي، المسمى، أنوار التنزيل وأسرار التأويل
250 _aط1
264 3 1 _aبيروت: دار البيان العربي، 2002
300 _aمج1، 586ص
336 _atext
_btxt
_2rdacontent
337 _aunmediated
_bn
_2rdamedia
338 _avolume
_bnc
_2rdacarrier
650 4 _aالقرآن -- تفاسير مأثورة
_956422
999 _aA25223
_c28791
_d28791